000 00689nam a2200289Ia 4500
005 20260324140711.0
008 008 260324s9999 xx 000 0 eng d
020 _a9781351226943
037 _aEBOOK
040 _aCRL
040 _beng
040 _cCRL
041 _2eng
041 _aeng
084 _qCRL
100 _aLoretta Brunious
_91205404
245 0 _aConstructing Social Reality
245 0 _bSelf Portraits of Poor Black Adolescents
260 _bTaylor and Francis
260 _c1998
365 _a
365 _b300
856 _uhttp://www.taylorfrancis.com/books/9781351226943
942 _cEBOOK
999 _c1807738
_d1807738